<?xml version="1.0" encoding="UTF-8"?>
<collection xmlns="http://www.loc.gov/MARC21/slim">
 <record>
  <leader>02619nam a2200289 a 4500</leader>
  <controlfield tag="001">1/45126</controlfield>
  <controlfield tag="008">140728s2002    us            001 0 eng  </controlfield>
  <datafield tag="020" ind1=" " ind2=" ">
   <subfield code="a">9780123951724</subfield>
  </datafield>
  <datafield tag="020" ind1=" " ind2=" ">
   <subfield code="a">0123951720</subfield>
  </datafield>
  <datafield tag="035" ind1=" " ind2=" ">
   <subfield code="l">48084</subfield>
  </datafield>
  <datafield tag="040" ind1=" " ind2=" ">
   <subfield code="a">OPELS</subfield>
   <subfield code="b">eng</subfield>
   <subfield code="c">OPELS</subfield>
   <subfield code="d">OCLCG</subfield>
   <subfield code="d">OCLCQ</subfield>
   <subfield code="d">OCLCF</subfield>
   <subfield code="d">GR-PeUP</subfield>
  </datafield>
  <datafield tag="245" ind1="0" ind2="0">
   <subfield code="a">Optical fiber telecommunications IV</subfield>
   <subfield code="h">[electronic resource] /</subfield>
   <subfield code="c">edited by Ivan P. Kaminow, Tingye Li.</subfield>
  </datafield>
  <datafield tag="260" ind1=" " ind2=" ">
   <subfield code="a">San Diego :</subfield>
   <subfield code="b">Academic Press,</subfield>
   <subfield code="c">c2002.</subfield>
  </datafield>
  <datafield tag="300" ind1=" " ind2=" ">
   <subfield code="a">1 online resource (2 v.) :</subfield>
   <subfield code="b">ill.</subfield>
  </datafield>
  <datafield tag="520" ind1=" " ind2=" ">
   <subfield code="a">Volume IVA is devoted to progress in optical component research and development. Topics include design of optical fiber for a variety of applications, plus new materials for fiber amplifiers, modulators, optical switches, light wave devices, lasers, and high bit-rate electronics. This volume is an excellent companion to Optical Fiber Telecommunications IVB: Systems and Impairments (March 2002, ISBN: 0-12-3951739). - Fourth in a respected and comprehensive series - Authoritative authors from a range of organizations - Suitable for active lightwave R &amp; D designers, developers, purchasers, operators, students, and analysts - Lightwave components reviewed in Volume A -Lightwave systems and impairments reviewed in Volume B - Up-to-the minute coverage.</subfield>
  </datafield>
  <datafield tag="505" ind1="0" ind2=" ">
   <subfield code="a">Table of Contents -- Overview -- Design of Optical Fibers for Communications Systems -- New Materials for Optical Amplifiers -- Advances in Erbium-Doped Amplifiers -- Raman Amplification in Lightwave Communication Systems -- Electrooptic Modulators -- Optical Switching in Transport Network: Applications, Requirements, Architectures, Technologies, and Solutions -- Applications for Optical Switch Fabrics -- Planar Lightwave Devices for WDM -- Fiber Grating Devices in High-Performance Optical Communications Systems -- Pump Laser Diodes -- Telecommunication Lasers -- VCSEL for Metro Communication -- Semiconductor Optical Amplifiers -- All Optical Regeneration: Principles and WDM Implementation -- High Bit-rate Receivers, Transmitters, and Electronics -- Index to Volumes IVA and IVB.</subfield>
  </datafield>
  <datafield tag="504" ind1=" " ind2=" ">
   <subfield code="a">Includes bibliographical references and indexes.</subfield>
  </datafield>
  <datafield tag="505" ind1="0" ind2=" ">
   <subfield code="a">A. Components -- B. Systems and impairments.</subfield>
  </datafield>
  <datafield tag="650" ind1=" " ind2="4">
   <subfield code="a">Optical communications.</subfield>
  </datafield>
  <datafield tag="650" ind1=" " ind2="4">
   <subfield code="a">Fiber optics.</subfield>
  </datafield>
  <datafield tag="655" ind1=" " ind2="4">
   <subfield code="a">Electronic books.</subfield>
  </datafield>
  <datafield tag="700" ind1="1" ind2=" ">
   <subfield code="a">Kaminow, Ivan P.,</subfield>
   <subfield code="d">1930-</subfield>
  </datafield>
  <datafield tag="700" ind1="1" ind2=" ">
   <subfield code="a">Li, Tingye.</subfield>
  </datafield>
  <datafield tag="852" ind1=" " ind2=" ">
   <subfield code="a">INST</subfield>
   <subfield code="b">UNIPILB</subfield>
   <subfield code="c">EBOOKS</subfield>
   <subfield code="e">20140728</subfield>
   <subfield code="p">00b48084</subfield>
   <subfield code="q">00b48084</subfield>
   <subfield code="t">ONLINE</subfield>
   <subfield code="y">0</subfield>
  </datafield>
  <datafield tag="856" ind1="4" ind2="0">
   <subfield code="3">ScienceDirect</subfield>
   <subfield code="u">http://www.sciencedirect.com/science/book/9780123951724</subfield>
  </datafield>
  <datafield tag="856" ind1="4" ind2=" ">
   <subfield code="d">/webopac/covers/03/48084_9780123951724.jpg</subfield>
  </datafield>
  <datafield tag="856" ind1="4" ind2=" ">
   <subfield code="d">/webopac/covers/03/48084_0123951720.jpg</subfield>
  </datafield>
 </record>
</collection>
